| LEADER | 01393nem a2200385Ia 4500 | ||
|---|---|---|---|
| 001 | 011596201-8 | ||
| 005 | 20081026102312.0 | ||
| 008 | 080812s2008 bcccg a 1 eng d | ||
| 020 | |a 9781553413288 | ||
| 020 | |a 1553413288 | ||
| 034 | 1 | |a a |b 2000000 | |
| 035 | 0 | |a ocn243608978 | |
| 040 | |a MYG |c MYG |d HLS | ||
| 043 | |a n-mx--- | ||
| 052 | |a 4411 | ||
| 090 | |a G4411.E635 2008 |b .I5 | ||
| 110 | 2 | |a International Travel Maps (Firm) | |
| 245 | 1 | 0 | |a Mexico, scale 1:2 000 000 / |c International Travel Maps. |
| 246 | 1 | |i Alternative panel title: |a International Travel Maps Mexico, scale 1:2 000 000 | |
| 246 | 1 | |i Alternative panel title in Spanish: |a Mapas Internacionales de Viaje México, escala 1:2 000 000 | |
| 246 | 1 | 8 | |a ITMB Mexico, scale 1:2 000 000 |
| 250 | |a 7st ed. | ||
| 255 | |a Scale 1:1:2 000 000. | ||
| 260 | |a Richmond, B.C. : |b International Travel Maps, ITMB, |c c2008. | ||
| 300 | |a 1 map : |b both sides, col. ; |c on sheeet 66 x 99 cm., folded to 25 x 11 cm. | ||
| 500 | |a Relief shown by gradient tints and spot heights. | ||
| 500 | |a Panel title. | ||
| 500 | |a Includes indexes, location map, col. ill. and 1 inset: Isla Cozumel, scale 1:1 000 000. | ||
| 500 | |a "Waterproof." | ||
| 650 | 0 | |a Roads |z Mexico |v Maps. | |
| 651 | 0 | |a Mexico |v Maps, Tourist. | |
| 710 | 2 | |a ITMB Publishing Ltd. | |
| 740 | 0 | 2 | |a Isla Cozumel, scale 1:1 000 000. |
| 988 | |a 20081026 | ||
| 906 | |0 OCLC | ||


